Concentración de fitorreguladores en cultivo protegido del tomate /
Guardado en:
| Autor Principal: | |
|---|---|
| Otros Autores: | |
| Formato: | Libro |
| Publicado: |
Madrid :
Instituto de Agricultura, Pesca y Alimentación,
1981
|
| Materias: | |
| Etiquetas: |
Agregar Etiqueta
Sin Etiquetas, Sea el primero en etiquetar este registro!
|
| LEADER | 00759nam a22002175a 4500 | ||
|---|---|---|---|
| 001 | CEM.cems017009 | ||
| 005 | 20090918171450.0 | ||
| 008 | 130507s1981##################000#0#####d | ||
| 003 | CEMS | ||
| 020 | |a 8474980658 | ||
| 082 | 0 | 4 | |a 635.6 |
| 100 | 1 | |a Martínez García, P. F. | |
| 245 | 1 | 0 | |a Concentración de fitorreguladores en cultivo protegido del tomate / |c P. F. Martínez García |
| 260 | |a Madrid : |b Instituto de Agricultura, Pesca y Alimentación, |c 1981 | ||
| 300 | |a 31 p. | ||
| 505 | 0 | |a Material y métodos -- Resultados y discusión | |
| 653 | |a Producción vegetal | ||
| 653 | |a Tomate-cultivo | ||
| 653 | |a Climatología agrícola | ||
| 700 | 1 | |a González Benavente-garcía, A. | |
| 859 | |a CEMS |b BIB. CEMS - Agricultura |h 635.6 |i M366-1 |p A11297.82 |t Ej.1 |v 36 |3 36 | ||
